LEADER 01189nam0 22003373i 450 001 RML0357236 005 20231121125800.0 010 $a2070366383 010 $a9782070366385 100 $a20131001d1985 ||||0itac50 ba 101 | $afre$ccze 102 $afr 181 1$6z01$ai $bxxxe 182 1$6z01$an 200 1 $a˜La œplaisanterie$fMilan Kundera$gtrad. du tchèque par Marcel Aymonin entièrement révisé par Claude Courtot et l'auteur, version définitive 210 $a[Paris]$cGallimard$d1985$hstampa 1993 215 $a461 p.$d18 cm. 225 | $aFolio$v638 410 0$1001RAV0110397$12001 $aFolio$v638 500 10$a?ert$3CFI0014134$9CFIV008512$926643 700 1$aKundera$b, Milan$3CFIV008512$0328616 702 1$aCourtot$b, Claude$3SBLV110013 702 1$aAymonin$b, Marcel$3SBLV276955 801 3$aIT$bIT-01$c20131001 850 $aIT-FR0017 899 $aBiblioteca umanistica Giorgio Aprea$bFR0017 912 $aRML0357236 950 0$aBiblioteca umanistica Giorgio Aprea$d 52FOLIO 638$e 52FLS0000056725 VMB RS $fA $h20131001$i20131001 977 $a 52 996 $aZert$926643 997 $aUNICAS